Famous Sports Players by Description - Statistics

General Stats
  • This quiz has been taken 67 times
  • The average score is 7 of 10
Answer Stats
Hint Answer % Correct
In his 21st season in the NBA LeBron James
94%
Played QB for the New England Patriots and Finished his career at the Tampa Bay Buccaneers Tom Brady
94%
2 Time Super Bowl Champion and the Kansas City Chiefs QB Patrick Mahomes
79%
Nickname sounds like Baby and played most his career at the New York Yankees Babe Ruth
76%
2023 number 1 overall NBA draft pick Victor Wembanyama
71%
Won four Stanley Cups and is considered the best NHL player of all-time Wayne Gretzky
68%
Famous Baseball player that his first name is like that of Disney's Mascot Mickey Mantle
57%
Has won 24 Grand Slam Titles in Tennis Novak Djokovic
57%
18 professional majors, two US Amateurs, three Players titles, 73 PGA Tour victories and considered the best golfer ever! Jack Nicklaus
51%
Was Stripped of his Olympic Medals in 1912 summer Olympics and also played football Jim Thorpe
27%
No matching quizzes found
Score Distribution
Percent of People with Each Score
Percentile by Number Answered
Your Score History
You have not taken this quiz